| 000 | 01166cam a2200217 4500 | ||
|---|---|---|---|
| 001 | ABS65661 | ||
| 008 | 020704n2002 000 0 eng u | ||
| 035 | _a(Sirsi) u118682 | ||
| 245 | _aHot property | ||
| 260 | _c2002 | ||
| 490 |
_aAccountancy _v130(1307) July 2002, 70-71(2) |
||
| 520 | _aDiscusses office space which has become an important issue with many organisations especially with an economic downturn threatening. Recommends business make the most of their property by leasing rather than owning it as this makes better use of finances and is more flexible. Argues firms could lease through an office provider and this can make for cheaper costs and the business taking up less space. Companies can move on more quickly, saving time and fitting-out costs. Argues that in some circumstances businesses owning their own property has its advantages such as when they are not likely to expand over the next few years. | ||
| 590 | _aABS | ||
| 650 | _aOFFICE SPACE | ||
| 650 | _aECONOMIC DOWNTURN | ||
| 650 | _aPROPERTY MARKET | ||
| 650 | _aLEASING | ||
| 650 | _aSPACE UTILISATION | ||
| 690 | _aPROPERTY MANAGEMENT-COMMERCIAL PROPERTY | ||
| 942 | _n0 | ||
| 999 |
_c70681 _d70681 |
||